[Event "COL-chB U2200"]
[Site "Antioquia"]
[Date "2018.12.09"]
[Round "6"]
[White "Franco, William"]
[Black "Nieto Medina, Agustin"]
[Result "1/2-1/2"]
[WhiteElo "2072"]
[BlackElo "2110"]
[PlyCount "95"]
[EventDate "2018.12.06"]
[EventType "swiss"]
[EventRounds "7"]
[EventCountry "COL"]
[SourceTitle "CBM 190 Extra"]
[Source "ChessBase"]
[SourceDate "2019.07.15"]
[SourceVersion "1"]
[SourceVersionDate "2019.07.15"]
[SourceQuality "1"]

1. c4 Nf6 2. Nf3 c5 3. g3 g6 4. Bg2 Bg7 5. Nc3 0-0 6. d4 cxd4 7. Nxd4 Nc6 8. 0-0 Qa5 9. Nb3 Qh5 10. Nd5 d6 11. Nf4 Qe5 12. Nd3 Qf5 13. Re1 Qd7 14. e4 Qc7 15. c5 e5 16. cxd6 Qxd6 17. Be3 b6 18. Qc2 Ba6 19. Rad1 Qe6 20. Qb1 Rfd8 21. f3 Bf8 22. Bf1 Bc4 23. Nbc1 Nd4 24. Bg2 Rac8 25. Nf2 Bb4 26. Bxd4 Bxe1 27. Rxe1 Rxd4 28. Bh3 Qc6 29. Bxc8 Qxc8 30. Qc2 Qd8 31. Ne2 Bd3 32. Qc3 Bxe2 33. Rxe2 Ne8 34. Rc2 Nd6 35. Qc7 Qxc7 36. Rxc7 Nb5 37. Re7 f6 38. Ng4 Rd1+ 39. Kf2 Rd2+ 40. Ke3 Rxb2 41. a4 Rb3+ 42. Kf2 Nd4 43. Rxa7 Rxf3+ 44. Kg2 h5 45. Nh6+ Kf8 46. Rf7+ Ke8 47. Rg7 g5 48. Rb7 1/2-1/2

[Event "Medellin Flores op 25th"]
[Site "Medellin"]
[Date "2018.08.04"]
[Round "2"]
[White "Ospina Castro, Santiago"]
[Black "Franco, William"]
[Result "1-0"]
[WhiteElo "1844"]
[BlackElo "2087"]
[PlyCount "53"]
[EventDate "2018.08.03"]
[EventType "swiss"]
[EventRounds "9"]
[EventCountry "COL"]
[SourceTitle "CBM 185 Extra"]
[Source "ChessBase"]
[SourceDate "2018.07.29"]
[SourceVersion "1"]
[SourceVersionDate "2018.07.29"]
[SourceQuality "1"]

1. e4 e6 2. d4 d5 3. exd5 exd5 4. Bd3 Nc6 5. c3 Nf6 6. Nf3 Bd6 7. 0-0 h6 8. Re1+ Ne7 9. Ne5 0-0 10. Nd2 Bf5 11. Nf1 Bxd3 12. Qxd3 Ne4 13. Ng3 Nxg3 14. hxg3 Bxe5 15. dxe5 Qd7 16. f4 Rad8 17. Qf3 Qe6 18. g4 g6 19. Bd2 Kh7 20. Rf1 f6 21. f5 gxf5 22. gxf5 Qxe5 23. Qh5 Ng8 24. Qg6+ Kh8 25. Bxh6 Qe7 26. Bxf8 Qxf8 27. Rf3 1-0

[Event "Medellin Aristizabal Cup"]
[Site "Medellin"]
[Date "2018.07.08"]
[Round "7"]
[White "Perez Lujan, Mateo"]
[Black "Franco, William"]
[Result "1-0"]
[WhiteElo "1898"]
[BlackElo "2094"]
[PlyCount "55"]
[EventDate "2018.07.04"]
[EventType "swiss"]
[EventRounds "7"]
[EventCountry "COL"]
[SourceTitle "CBM 185 Extra"]
[Source "ChessBase"]
[SourceDate "2018.07.29"]
[SourceVersion "1"]
[SourceVersionDate "2018.07.29"]
[SourceQuality "1"]

1. e4 e5 2. Nf3 Nf6 3. Nc3 Bb4 4. Bc4 d6 5. d3 c6 6. 0-0 0-0 7. Ne2 d5 8. exd5 cxd5 9. Bb3 Nc6 10. Bg5 Be6 11. d4 e4 12. Ne5 h6 13. Bh4 g5 14. Bg3 Nh5 15. f4 Ne7 16. fxg5 hxg5 17. Nc3 Nxg3 18. hxg3 f6 19. Nxe4 fxe5 20. Nxg5 Rxf1+ 21. Qxf1 Bf5 22. g4 Bg6 23. Qf6 Qf8 24. Bxd5+ Nxd5 25. Qxg6+ Qg7 26. Qe6+ Kh8 27. Nf7+ Kg8 28. Nxe5+ 1-0

[Event "Bogota University op 9th"]
[Site "Bogota"]
[Date "2015.10.10"]
[Round "6"]
[White "Franco, William"]
[Black "Arribas Robaina, Maritza"]
[Result "0-1"]
[WhiteElo "2051"]
[BlackElo "2300"]
[PlyCount "158"]
[EventDate "2015.10.08"]
[EventType "swiss"]
[EventRounds "9"]
[EventCountry "COL"]
[SourceTitle "CBM 168 Extra"]
[Source "ChessBase"]
[SourceDate "2015.10.29"]
[SourceVersion "1"]
[SourceVersionDate "2015.10.29"]
[SourceQuality "1"]

1. d4 Nf6 2. Nf3 d6 3. Bg5 Nbd7 4. Nbd2 c6 5. e4 e5 6. c3 Be7 7. Bd3 0-0 8. 0-0 h6 9. Bh4 Re8 10. Re1 Nh5 11. Bxe7 Qxe7 12. Nc4 Nf4 13. Bf1 Nb6 14. Ne3 Qf6 15. dxe5 dxe5 16. a4 Be6 17. a5 Rad8 18. Qc2 Nd7 19. b4 Nf8 20. Kh1 Nh7 21. Ng1 Ng5 22. Rad1 h5 23. f3 h4 24. Qf2 g6 25. h3 Kg7 26. Rxd8 Rxd8 27. Rd1 Nh5 28. Qxh4 Rxd1 29. Nxd1 Nxe4 30. Qxf6+ Nexf6 31. Kh2 Bb3 32. Ne3 Nf4 33. c4 Kf8 34. Kg3 Ke7 35. Kf2 Kd6 36. Ke1 c5 37. b5 a6 38. bxa6 bxa6 39. Ne2 Ne6 40. Nc3 e4 41. fxe4 Ke5 42. Bd3 Nd4 43. Kd2 Nc6 44. Ned5 Ne8 45. Ke3 Nxa5 46. Nb6 Nc6 47. Nb1 Nd4 48. Nd2 Bd1 49. Nf3+ Bxf3 50. gxf3 g5 51. Na4 Ne6 52. Nb2 N8g7 53. Bc2 Nf4 54. Ba4 Nge6 55. Bd7 Nxh3 56. Nd3+ Kd6 57. Be8 f6 58. Nc1 Nhf4 59. Nb3 Nc7 60. Ba4 Ng6 61. Na5 Ne6 62. Be8 Ne5 63. Ba4 Kc7 64. Bd1 Kb6 65. Nb3 Nxc4+ 66. Kf2 Nd4 67. Nc1 Ne5 68. Na2 Nb5 69. Be2 a5 70. Ke3 Ng6 71. Bd1 c4 72. Ba4 Nf4 73. Bxb5 Kxb5 74. Kd4 Ne6+ 75. Kc3 Kc5 76. Nc1 Nd4 77. f4 gxf4 78. Na2 f3 79. Kd2 f2 0-1

[Event "Medellin Castro Memorial"]
[Site "Medellin"]
[Date "2015.05.03"]
[Round "7"]
[White "Velez Alvarez, Laura Camila"]
[Black "Franco, William"]
[Result "0-1"]
[WhiteElo "1836"]
[BlackElo "2060"]
[PlyCount "74"]
[EventDate "2015.04.30"]
[EventType "swiss"]
[EventRounds "7"]
[EventCountry "COL"]
[SourceTitle "CBM 166 Extra"]
[Source "ChessBase"]
[SourceDate "2015.06.18"]
[SourceVersion "1"]
[SourceVersionDate "2015.06.18"]
[SourceQuality "1"]

1. d4 Nf6 2. Nf3 e6 3. e3 d5 4. Bd3 c5 5. b3 cxd4 6. exd4 Nc6 7. Bb2 Bb4+ 8. Nbd2 0-0 9. 0-0 Qa5 10. a3 Bd6 11. c4 dxc4 12. Nxc4 Qd5 13. Nxd6 Qxd6 14. Qe2 Rd8 15. Rfd1 Bd7 16. Ne5 Be8 17. Nc4 Qd5 18. b4 Ne7 19. Ne5 Rac8 20. a4 Ng6 21. g3 Qd6 22. b5 Nd5 23. Nc4 Qe7 24. Rac1 Qb4 25. Qc2 Qe7 26. Qe2 a6 27. Ba3 Qf6 28. Qb2 axb5 29. axb5 Ra8 30. Nd6 b6 31. Nc4 h5 32. Be4 h4 33. Bg2 Ra4 34. Rd3 Rda8 35. Ne5 Qf5 36. Rf3 Qg5 37. Rc4 Nxe5 0-1

[Event "Medellin Castro Memorial"]
[Site "Medellin"]
[Date "2015.05.02"]
[Round "5"]
[White "Franco, William"]
[Black "Cano, Luis Fernando"]
[Result "0-1"]
[WhiteElo "2060"]
[BlackElo "2233"]
[PlyCount "86"]
[EventDate "2015.04.30"]
[EventType "swiss"]
[EventRounds "7"]
[EventCountry "COL"]
[SourceTitle "CBM 166 Extra"]
[Source "ChessBase"]
[SourceDate "2015.06.18"]
[SourceVersion "1"]
[SourceVersionDate "2015.06.18"]
[SourceQuality "1"]

1. e4 c5 2. Nf3 d6 3. d4 cxd4 4. Nxd4 Nf6 5. Nc3 a6 6. h3 e6 7. g4 Be7 8. Bg2 0-0 9. Qe2 Nc6 10. Nb3 Qc7 11. Bg5 b5 12. 0-0 b4 13. Nd1 a5 14. c3 h6 15. Bd2 Ba6 16. Qe3 d5 17. f3 dxe4 18. fxe4 Rfd8 19. Re1 Rd3 20. Qf4 e5 21. Qf2 Qd8 22. cxb4 Nxb4 23. Bxb4 Bxb4 24. Nc3 a4 25. Nxa4 Bxe1 26. Rxe1 h5 27. g5 Nh7 28. h4 Nf8 29. Nb6 Rb8 30. Nd5 Bc4 31. Nc1 Rd4 32. b3 Bxd5 33. exd5 Ng6 34. Rxe5 Rxh4 35. Rf5 Rg4 36. Kf1 Rc8 37. Nd3 Rc3 38. Ne1 Nh4 39. Re5 Nxg2 40. Nxg2 Rc1+ 41. Ne1 h4 42. Qf3 Rxg5 43. Rxg5 Qxg5 0-1

[Event "Medellin Easter op"]
[Site "Medellin"]
[Date "2015.??.??"]
[Round "8"]
[White "Franco, William"]
[Black "Perez Arroyave, Damian"]
[Result "1-0"]
[WhiteElo "2075"]
[BlackElo "1899"]
[PlyCount "77"]
[EventDate "2015.04.01"]
[EventType "swiss"]
[EventRounds "9"]
[EventCountry "COL"]
[SourceTitle "CBM 165 Extra"]
[Source "ChessBase"]
[SourceDate "2015.04.21"]
[SourceVersion "1"]
[SourceVersionDate "2015.04.21"]
[SourceQuality "1"]

1. d4 d5 2. c4 e6 3. Nc3 Nf6 4. Nf3 c6 5. Bg5 Nbd7 6. e3 Qa5 7. Qc2 Bb4 8. Nd2 h6 9. Bh4 0-0 10. Be2 Re8 11. 0-0 e5 12. a3 Bf8 13. b4 Qb6 14. dxe5 Rxe5 15. Bg3 Re8 16. cxd5 Nxd5 17. Nc4 Qd8 18. Nxd5 cxd5 19. Na5 Qf6 20. Rad1 b6 21. Nb3 Bb7 22. Qc7 Qc6 23. Rc1 Qxc7 24. Rxc7 Bc8 25. Bb5 Nf6 26. Rfc1 Be6 27. Bc6 a5 28. bxa5 bxa5 29. a4 Ba3 30. Ra1 Bb4 31. Bxa8 Rxa8 32. Nd4 Ne4 33. Nxe6 fxe6 34. Be5 g5 35. Rac1 Rf8 36. Rg7+ Kh8 37. Rcc7 Nf6 38. Rh7+ Kg8 39. Rcg7# 1-0

[Event "Medellin Easter op"]
[Site "Medellin"]
[Date "2015.??.??"]
[Round "5"]
[White "Soto, Miguel Angel"]
[Black "Franco, William"]
[Result "0-1"]
[WhiteElo "1999"]
[BlackElo "2075"]
[PlyCount "60"]
[EventDate "2015.04.01"]
[EventType "swiss"]
[EventRounds "9"]
[EventCountry "COL"]
[SourceTitle "CBM 165 Extra"]
[Source "ChessBase"]
[SourceDate "2015.04.21"]
[SourceVersion "1"]
[SourceVersionDate "2015.04.21"]
[SourceQuality "1"]

1. e4 e5 2. Nf3 Nc6 3. Bb5 Nf6 4. Qe2 Bc5 5. 0-0 0-0 6. c3 Re8 7. Rd1 a6 8. Ba4 d6 9. h3 Bd7 10. Bc2 Ba7 11. a3 Qe7 12. d3 Nd8 13. Bg5 h6 14. Bh4 Ne6 15. Bg3 Nh5 16. Bh2 Nhf4 17. Qd2 Qf6 18. Ne1 c5 19. c4 Bb6 20. a4 Qg6 21. Bxf4 Nxf4 22. Kh2 Bd8 23. Qe3 Bg5 24. Qf3 Re6 25. g4 Rf6 26. Ng2 Ne6 27. Qf5 Rxf5 28. gxf5 Qh5 29. fxe6 Bxe6 30. Rh1 Qe2 0-1

[Event "Medellin Easter op"]
[Site "Medellin"]
[Date "2015.??.??"]
[Round "1"]
[White "Torres, Juan Camilo"]
[Black "Franco, William"]
[Result "1-0"]
[WhiteElo "2321"]
[BlackElo "2075"]
[PlyCount "91"]
[EventDate "2015.04.01"]
[EventType "swiss"]
[EventRounds "9"]
[EventCountry "COL"]
[SourceTitle "CBM 165 Extra"]
[Source "ChessBase"]
[SourceDate "2015.04.21"]
[SourceVersion "1"]
[SourceVersionDate "2015.04.21"]
[SourceQuality "1"]

1. d4 e6 2. Nf3 d5 3. c4 Nf6 4. Nc3 c6 5. Bg5 h6 6. Bxf6 Qxf6 7. e3 Bb4 8. Qb3 Qe7 9. Bd3 Nd7 10. 0-0 0-0 11. e4 dxc4 12. Bxc4 c5 13. d5 Nb6 14. Rad1 exd5 15. Nxd5 Nxd5 16. Bxd5 Rb8 17. a3 Ba5 18. Qa4 b6 19. b4 cxb4 20. Nd4 bxa3 21. Nc6 Qe8 22. Qxa3 Ba6 23. Rfe1 Bxe1 24. Qxa6 Ba5 25. Qxa7 Kh8 26. Qxb8 Qxb8 27. Nxb8 Rxb8 28. Bxf7 b5 29. h4 b4 30. Rd3 g6 31. Bxg6 Kg7 32. h5 b3 33. e5 b2 34. Rd7+ Kf8 35. Rd1 Rc8 36. Rb1 Rc1+ 37. Kh2 Bc3 38. f4 Ke7 39. Kg3 Ke6 40. Be4 Rxb1 41. Bxb1 Kd5 42. Kf3 Kd4 43. g4 Bb4 44. g5 hxg5 45. h6 Bf8 46. h7 1-0

[Event "COL-ch Seniors"]
[Site "Bucaramanga"]
[Date "2013.09.27"]
[Round "3"]
[White "Penas Burgos, Nestor"]
[Black "Franco, William"]
[Result "0-1"]
[WhiteElo "1755"]
[BlackElo "2067"]
[PlyCount "138"]
[EventDate "2013.09.26"]
[EventType "swiss"]
[EventRounds "7"]
[EventCountry "COL"]
[SourceTitle "CBM 156 Extra"]
[Source "ChessBase"]
[SourceDate "2013.10.22"]
[SourceVersion "1"]
[SourceVersionDate "2013.10.22"]
[SourceQuality "1"]

1. Nf3 Nf6 2. d4 e6 3. c4 b6 4. Nc3 Bb4 5. g3 Ba6 6. Bg2 Bxc4 7. 0-0 Bxc3 8. bxc3 0-0 9. Re1 Bd5 10. Bg5 Be4 11. c4 h6 12. Bd2 c5 13. dxc5 bxc5 14. Bf4 d5 15. Qa4 Nbd7 16. cxd5 exd5 17. Bh3 Re8 18. Nd2 g5 19. f3 Bg6 20. Bd6 g4 21. Bxg4 Nb6 22. Qf4 Nxg4 23. fxg4 Rc8 24. Rac1 c4 25. Be5 Qg5 26. Nf3 Qxf4 27. Bxf4 Kg7 28. h4 Rc5 29. h5 Be4 30. Be3 Ra5 31. Bd4+ f6 32. g5 hxg5 33. Nxg5 Nd7 34. Nxe4 Rxe4 35. e3 Ne5 36. Rf1 Rg4 37. Rb1 Ra6 38. Rb7+ Kh6 39. Rxa7 Rxa7 40. Bxa7 Rxg3+ 41. Kh2 Rg7 42. Bb8 Ng4+ 43. Kh3 Kg5 44. Bf4+ Kxh5 45. a4 Ra7 46. Kg3 f5 47. Ra1 Kg6 48. a5 Ra6 49. Kf3 Kf6 50. Bc7 Ne5+ 51. Ke2 Nc6 52. Kd2 Ke6 53. Kc3 Ke7 54. Bb6 Kd6 55. Kd2 Ke6 56. Kc3 Ke5 57. Rh1 Nxa5 58. Rh6 Ke4 59. Rh4+ Kf3 60. Rf4+ Ke2 61. Bd4 Nc6 62. Rxf5 Ra3+ 63. Kb2 Rb3+ 64. Kc1 Nb4 65. Rh5 Kd3 66. Rh2 c3 67. Bc5 Ra3 68. Kb1 c2+ 69. Rxc2 Nxc2 0-1

[Event "COL-ch Seniors"]
[Site "Bucaramanga"]
[Date "2013.09.26"]
[Round "2"]
[White "Franco, William"]
[Black "Mendoza, Rafael Enrique"]
[Result "0-1"]
[WhiteElo "2067"]
[BlackElo "2324"]
[PlyCount "86"]
[EventDate "2013.09.26"]
[EventType "swiss"]
[EventRounds "7"]
[EventCountry "COL"]
[SourceTitle "CBM 156 Extra"]
[Source "ChessBase"]
[SourceDate "2013.10.22"]
[SourceVersion "1"]
[SourceVersionDate "2013.10.22"]
[SourceQuality "1"]

1. Nf3 Nf6 2. c4 e6 3. d4 Bb4+ 4. Bd2 a5 5. g3 0-0 6. Bg2 Nc6 7. 0-0 Bxd2 8. Qxd2 d6 9. Nc3 Qe7 10. Rae1 Bd7 11. d5 Nb4 12. dxe6 fxe6 13. Nd4 c6 14. a3 Na6 15. Na4 Nc5 16. Nxc5 dxc5 17. Nf3 e5 18. Ng5 Bf5 19. f3 h6 20. e4 Bd7 21. Nh3 Bxh3 22. Bxh3 Rfd8 23. Qe3 Rd4 24. Rf2 Kh8 25. Bf1 b6 26. Rb1 Rf8 27. b3 Qf7 28. Rbb2 Qe7 29. Qe1 Rfd8 30. Rb1 Qd6 31. Qe3 Qe6 32. h4 Nh5 33. Kh2 Qg6 34. Rg2 Nf6 35. Rbb2 Rxe4 36. Qf2 Red4 37. Be2 e4 38. g4 exf3 39. Qxf3 Qe8 40. Qf5 Qe7 41. Bf3 Qd6+ 42. Kh3 Rf4 43. Rbd2 Rxf5 0-1

[Event "Medellin Flores op 19th"]
[Site "Medellin"]
[Date "2013.08.05"]
[Round "5"]
[White "Salazar, Monica Maria"]
[Black "Franco, William"]
[Result "0-1"]
[WhiteElo "1910"]
[BlackElo "2087"]
[PlyCount "52"]
[EventDate "2013.08.03"]
[EventType "swiss"]
[EventRounds "9"]
[EventCountry "COL"]
[SourceTitle "CBM 155 Extra"]
[Source "ChessBase"]
[SourceDate "2013.08.26"]
[SourceVersion "1"]
[SourceVersionDate "2013.08.26"]
[SourceQuality "1"]

1. e4 e6 2. d4 d5 3. e5 c5 4. Nf3 cxd4 5. Nxd4 Nc6 6. Nxc6 bxc6 7. c4 Ne7 8. Bg5 h6 9. Bxe7 Bxe7 10. a3 0-0 11. Nd2 a5 12. Nf3 a4 13. Bd3 Qa5+ 14. Ke2 Rb8 15. Qc2 Ba6 16. Rhb1 Rb3 17. Nd2 dxc4 18. Bh7+ Kh8 19. Nf3 g6 20. Bxg6 fxg6 21. Qxg6 c3+ 22. Kd1 Rd8+ 23. Kc1 cxb2+ 24. Rxb2 Bg5+ 25. Nxg5 Qe1+ 26. Kc2 Rd2# 0-1

[Event "Medellin Region IRT op"]
[Site "Medellin"]
[Date "2013.05.17"]
[Round "2"]
[White "Franco, William"]
[Black "Gallego Alcaraz, Andres Felipe"]
[Result "0-1"]
[WhiteElo "2084"]
[BlackElo "2419"]
[PlyCount "42"]
[EventDate "2013.05.16"]
[EventType "swiss"]
[EventRounds "7"]
[EventCountry "COL"]
[SourceTitle "CBM 154 Extra"]
[Source "ChessBase"]
[SourceDate "2013.06.25"]
[SourceVersion "2"]
[SourceVersionDate "2013.06.25"]
[SourceQuality "1"]

1. Nf3 Nf6 2. c4 g6 3. Nc3 d5 4. cxd5 Nxd5 5. e4 Nxc3 6. bxc3 c5 7. d4 Bg7 8. Be3 0-0 9. Be2 cxd4 10. cxd4 Qa5+ 11. Qd2 Qxd2+ 12. Kxd2 Nc6 13. Rhd1 f5 14. Ke1 fxe4 15. Bc4+ Kh8 16. Ng5 h6 17. Nxe4 Rd8 18. Bf7 Bf5 19. Nc5 Nxd4 20. Nxb7 Nc2+ 21. Kf1 Rf8 0-1

[Event "Medellin Semana Santa op"]
[Site "Medellin"]
[Date "2013.03.27"]
[Round "1"]
[White "Arenas Vanegas, David"]
[Black "Franco, William"]
[Result "1-0"]
[WhiteElo "2443"]
[BlackElo "2084"]
[PlyCount "95"]
[EventDate "2013.03.27"]
[EventType "swiss"]
[EventRounds "7"]
[EventCountry "COL"]
[SourceTitle "CBM 153 Extra"]
[Source "ChessBase"]
[SourceDate "2013.04.22"]
[SourceVersion "1"]
[SourceVersionDate "2013.04.22"]
[SourceQuality "1"]

1. e4 e5 2. Nf3 Nc6 3. Bb5 a6 4. Ba4 Nf6 5. Qe2 d6 6. c3 Be7 7. 0-0 0-0 8. d3 Re8 9. Nbd2 Bf8 10. Rd1 g6 11. Nf1 Bg7 12. Ng3 Bd7 13. Bc2 Qe7 14. h3 Nd8 15. d4 c5 16. dxc5 dxc5 17. a4 Bc6 18. Nd2 Ne6 19. Nc4 Qc7 20. a5 Rad8 21. Be3 Rxd1+ 22. Qxd1 Rd8 23. Qf3 Ne8 24. Bb3 Qe7 25. Nb6 N8c7 26. Nd5 Qf8 27. Nxc7 Nxc7 28. Bxc5 Qxc5 29. Qxf7+ Kh8 30. Qxc7 Rd2 31. Qf7 Qf8 32. Rb1 Qxf7 33. Bxf7 Bf8 34. Nf1 Re2 35. Ng3 Rd2 36. b4 Rc2 37. c4 Kg7 38. Bd5 Ra2 39. Nf1 Kf6 40. Ne3 h5 41. b5 axb5 42. cxb5 Bxd5 43. Nxd5+ Kg5 44. a6 bxa6 45. b6 Bc5 46. b7 Bxf2+ 47. Kh1 Ba7 48. Nb4 1-0

[Event "Neos Marmaras op 4th"]
[Site "Neos Marmaras"]
[Date "2012.04.22"]
[Round "9"]
[White "Franco, William"]
[Black "Papasimakopoulos, Alexandros"]
[Result "0-1"]
[WhiteElo "2097"]
[BlackElo "2019"]
[PlyCount "54"]
[EventDate "2012.04.16"]
[EventType "swiss"]
[EventRounds "9"]
[EventCountry "GRE"]
[SourceTitle "CBM 148 Extra"]
[Source "ChessBase"]
[SourceDate "2012.06.22"]
[SourceVersion "1"]
[SourceVersionDate "2012.06.22"]
[SourceQuality "1"]

1. d4 f5 2. c4 Nf6 3. g3 g6 4. Bg2 Bg7 5. Nc3 0-0 6. Nh3 e6 7. 0-0 d6 8. Nf4 e5 9. dxe5 dxe5 10. Qxd8 Rxd8 11. Nfd5 Nxd5 12. Nxd5 Rd7 13. Bg5 Kf7 14. e4 c6 15. Nc3 Na6 16. f4 h6 17. exf5 hxg5 18. f6 Kxf6 19. Ne4+ Ke7 20. fxg5 Rd4 21. Rae1 Bf5 22. b3 Nb4 23. h3 Rh8 24. g4 Bxe4 25. Bxe4 Nd3 26. Re3 Nf4 27. Rff3 Nxh3+ 0-1

[Event "Neos Marmaras op 4th"]
[Site "Neos Marmaras"]
[Date "2012.04.20"]
[Round "7"]
[White "Franco, William"]
[Black "Kanmazalp, Ogulcan"]
[Result "0-1"]
[WhiteElo "2097"]
[BlackElo "2389"]
[PlyCount "112"]
[EventDate "2012.04.16"]
[EventType "swiss"]
[EventRounds "9"]
[EventCountry "GRE"]
[SourceTitle "CBM 148 Extra"]
[Source "ChessBase"]
[SourceDate "2012.06.22"]
[SourceVersion "1"]
[SourceVersionDate "2012.06.22"]
[SourceQuality "1"]

1. d4 Nf6 2. c4 g6 3. Nc3 Bg7 4. e4 d6 5. Nf3 0-0 6. Be2 e5 7. 0-0 Nc6 8. d5 Ne7 9. b4 Nh5 10. Re1 a5 11. bxa5 f5 12. a4 Nf6 13. Nd2 Rxa5 14. f3 f4 15. Ba3 b6 16. Bb4 Ra8 17. a5 c5 18. dxc6 Nxc6 19. Qb3 Nxb4 20. Qxb4 bxa5 21. Qa3 Be6 22. Reb1 Rf7 23. Rb5 Rfa7 24. Rab1 Bf8 25. Nd5 Nd7 26. g3 fxg3 27. hxg3 a4 28. Kg2 Nc5 29. R1b4 h5 30. Nf1 h4 31. g4 h3+ 32. Kxh3 Bxd5 33. cxd5 Bh6 34. Kg2 Bf4 35. Bd1 Rh7 36. Rxc5 dxc5 37. Rxa4 Rxa4 38. Qxa4 Rb7 39. Kf2 Rb2+ 40. Bc2 Qb8 41. Ne3 Bxe3+ 42. Kxe3 Rb6 43. Qd7 c4 44. Ba4 Ra6 45. Qe8+ Qxe8 46. Bxe8 Ra3+ 47. Kd2 g5 48. Bb5 Rd3+ 49. Kc2 Rxf3 50. Bxc4 Rf4 51. Kd3 Kf8 52. d6 Rf6 53. Bd5 Rxd6 54. Kc4 Ke7 55. Kd3 Ra6 56. Ke2 Kd6 0-1

[Event "Neos Marmaras op 4th"]
[Site "Neos Marmaras"]
[Date "2012.04.19"]
[Round "5"]
[White "Franco, William"]
[Black "Gogolis, Alexandros"]
[Result "0-1"]
[WhiteElo "2097"]
[BlackElo "2245"]
[PlyCount "118"]
[EventDate "2012.04.16"]
[EventType "swiss"]
[EventRounds "9"]
[EventCountry "GRE"]
[SourceTitle "CBM 148 Extra"]
[Source "ChessBase"]
[SourceDate "2012.06.22"]
[SourceVersion "1"]
[SourceVersionDate "2012.06.22"]
[SourceQuality "1"]

1. e4 d5 2. exd5 Qxd5 3. Nc3 Qa5 4. Bc4 Nf6 5. d3 Bg4 6. f3 Bd7 7. Bd2 Qc5 8. Qe2 Nc6 9. Be3 Nd4 10. Kd2 Nxe2 11. Bxc5 Nxc3 12. bxc3 e6 13. Bxf8 Rxf8 14. Ne2 0-0-0 15. Rhe1 Bc6 16. Nd4 Rd6 17. Re5 Rfd8 18. Rae1 Nd7 19. Rh5 h6 20. Nxc6 Rxc6 21. Bb5 Nf6 22. Rhe5 Rcd6 23. d4 c6 24. Bd3 Nd7 25. Ra5 Kb8 26. Re4 b6 27. Ra3 c5 28. Ke1 Nf6 29. dxc5 Nxe4 30. cxd6 Nc5 31. Be2 Rxd6 32. c4 Rd4 33. Re3 Kc7 34. g3 Kd8 35. f4 Ke7 36. f5 Re4 37. Rxe4 Nxe4 38. fxe6 Kxe6 39. Bf3 Nd6 40. Bd5+ Ke5 41. Kd2 Kd4 42. c3+ Ke5 43. Kd3 f5 44. h3 b5 45. Bg8 bxc4+ 46. Bxc4 Ne4 47. Bb5 Nxg3 48. Bc6 g5 49. Bg2 Nh5 50. Ke3 Nf4 51. Bf1 Nd5+ 52. Kd2 Nb6 53. Ke3 h5 54. c4 Na4 55. Bd3 Nc5 56. Be2 g4 57. hxg4 hxg4 58. Kf2 Kf4 59. Bf1 Ne4+ 0-1

[Event "Neos Marmaras op 4th"]
[Site "Neos Marmaras"]
[Date "2012.04.18"]
[Round "3"]
[White "Franco, William"]
[Black "Lappas, Konstantinos"]
[Result "1-0"]
[WhiteElo "2097"]
[BlackElo "2032"]
[PlyCount "135"]
[EventDate "2012.04.16"]
[EventType "swiss"]
[EventRounds "9"]
[EventCountry "GRE"]
[SourceTitle "CBM 148 Extra"]
[Source "ChessBase"]
[SourceDate "2012.06.22"]
[SourceVersion "1"]
[SourceVersionDate "2012.06.22"]
[SourceQuality "1"]

1. d4 Nf6 2. c4 g6 3. Nc3 Bg7 4. e4 d6 5. Nf3 0-0 6. Be2 c5 7. 0-0 Na6 8. Re1 Bd7 9. Bf1 cxd4 10. Nxd4 Nc5 11. Rb1 a5 12. b3 Re8 13. f3 Ne6 14. Be3 Nxd4 15. Bxd4 Bc6 16. Qd2 Nd7 17. Nd5 Bxd4+ 18. Qxd4 Bxd5 19. exd5 Nc5 20. Re3 b6 21. Rbe1 Nd7 22. g3 Nf6 23. a3 Qc7 24. h4 Ra7 25. b4 axb4 26. axb4 Ra2 27. b5 Ra4 28. g4 h6 29. g5 hxg5 30. hxg5 Nh5 31. Bd3 Qd7 32. Qg4 Qxg4+ 33. fxg4 Nf4 34. Bf1 e5 35. dxe6 fxe6 36. Rd1 Rd8 37. Re4 e5 38. Rxe5 dxe5 39. Rxd8+ Kf7 40. Rd6 Ne6 41. Rxb6 Ke7 42. Kf2 Ra3 43. Ke2 Rg3 44. Kd2 Nxg5 45. Rxg6 Rxg4 46. Kc2 Rg1 47. Bd3 Nf3 48. Rxg1 Nxg1 49. c5 Nf3 50. Kc3 Ke6 51. Bc4+ Kd7 52. Bd5 Nd4 53. Kc4 Nc2 54. Be4 Ne3+ 55. Kd3 Nd1 56. Bf5+ Kc7 57. b6+ Kb7 58. Be4+ Ka6 59. Kc4 Ne3+ 60. Kb4 Nd1 61. Bf3 Nf2 62. Be2+ Kb7 63. Kb5 e4 64. c6+ Kb8 65. c7+ Kb7 66. Bc4 Nd3 67. Bd5+ Kc8 68. Be6+ 1-0

[Event "Bogota McGregor op 2nd"]
[Site "Bogota"]
[Date "2011.12.11"]
[Round "10"]
[White "Franco, William"]
[Black "Hernandez Sanchez, Jairo Andres"]
[Result "1-0"]
[WhiteElo "2089"]
[BlackElo "2265"]
[PlyCount "123"]
[EventDate "2011.12.06"]
[EventType "swiss"]
[EventRounds "10"]
[EventCountry "COL"]
[SourceTitle "CBM 145 Extra"]
[Source "ChessBase"]
[SourceDate "2012.01.03"]
[SourceVersion "1"]
[SourceVersionDate "2012.01.03"]
[SourceQuality "1"]

1. d4 Nf6 2. c4 e6 3. Nf3 b6 4. Nc3 Bb4 5. Qc2 Bb7 6. a3 Bxc3+ 7. Qxc3 0-0 8. Bg5 d6 9. e3 Nbd7 10. Bd3 Re8 11. 0-0 Qe7 12. Rfe1 a5 13. e4 e5 14. d5 Nc5 15. Bc2 a4 16. Rac1 h6 17. Bd2 Bc8 18. h3 Nh5 19. Be3 Nb7 20. Qd2 Qf6 21. Nh2 Nf4 22. Kh1 Bd7 23. f3 g5 24. Ng4 Qg6 25. Nf2 Nc5 26. Kh2 Qh5 27. Ng4 Qg6 28. Bf2 h5 29. Ne3 g4 30. fxg4 hxg4 31. hxg4 Nxe4 32. Bxe4 Qxe4 33. Rc3 Bxg4 34. Bh4 Bd7 35. Ng4 Qg6 36. Nf6+ Kh8 37. Rh1 Rg8 38. g3 Qh6 39. Nxd7 Rg4 40. Kg1 Kg8 41. Nf6+ Kf8 42. Nxg4 Nh3+ 43. Rxh3 Qxd2 44. Bf6 Ke8 45. Rh8+ Kd7 46. Rxa8 c5 47. Ra7+ Kc8 48. Rf3 Qd1+ 49. Kg2 Qe2+ 50. Nf2 e4 51. Rf4 e3 52. Re7 Qc2 53. Rxe3 Kb7 54. Bc3 f5 55. Re7+ Ka6 56. Rd7 Qb1 57. Rxd6 Qc2 58. Rf6 Qe2 59. R6xf5 Kb7 60. Re5 Qc2 61. Rf7+ Ka6 62. Ree7 1-0

[Event "Bogota McGregor op 2nd"]
[Site "Bogota"]
[Date "2011.12.10"]
[Round "8"]
[White "Nieto, Manuel Valerio Wald"]
[Black "Franco, William"]
[Result "0-1"]
[WhiteElo "1902"]
[BlackElo "2089"]
[PlyCount "94"]
[EventDate "2011.12.06"]
[EventType "swiss"]
[EventRounds "10"]
[EventCountry "COL"]
[SourceTitle "CBM 145 Extra"]
[Source "ChessBase"]
[SourceDate "2012.01.03"]
[SourceVersion "1"]
[SourceVersionDate "2012.01.03"]
[SourceQuality "1"]

1. e4 e5 2. Nf3 Nc6 3. d4 exd4 4. Bc4 Nf6 5. e5 d5 6. Bb5 Nd7 7. 0-0 Be7 8. Re1 0-0 9. Bxc6 bxc6 10. Nxd4 Nb8 11. c3 c5 12. Nb3 c6 13. Be3 Nd7 14. f4 Re8 15. Bf2 Bf8 16. N1d2 c4 17. Nd4 Nc5 18. Nxc6 Qd7 19. Bxc5 Bxc5+ 20. Nd4 Rb8 21. Qc2 Qg4 22. Rf1 Bf5 23. Qc1 f6 24. N2f3 Be4 25. exf6 gxf6 26. Qd2 Rb7 27. Kh1 Rbe7 28. Rae1 Kh8 29. f5 Rg8 30. Rf2 Reg7 31. Rg1 a5 32. b4 axb4 33. cxb4 Ba7 34. a4 Bxf3 35. Nxf3 c3 36. Qc2 Bxf2 37. Qxf2 Qxb4 38. Qc2 Rg4 39. h3 Re4 40. Rb1 Qc4 41. Rg1 Re2 42. Qc1 Kg7 43. a5 Rge8 44. Ng5 R8e3 45. Ne6+ Kf7 46. Qa3 Rxh3+ 47. gxh3 Qe4+ 0-1